000 01091nam a22003737a 4500
001 0036837
003 KOHA_MİRAKIL
005 20260207003018.0
007 ta
008 120430b1997 tu |||gr||||#||||0|tur |
020 _a9757527866
040 _aTR-BiSEU
_btur
_cTR-BiSEU
_erda
041 0 _atur
044 _ctu
050 _aQA300
_b.D66 1997
100 1 _aDönmez, Ali.
245 1 _aAnaliz/
_cAli Dönmez ; Ali Dönmez.
264 1 _aAnkara :
_bHatipoğlu Yayınevi
_c1997
300 _a 959 s.; 24 cm.
336 _ametin
_btxt
_2rdacontent
337 _aaracısız
_bn
_2rdamedia
338 _acilt
_bnc
_2rdacarrier
490 1 _aHatipoğlu yayınları ;
_v101.
490 1 _aYükseköğretim dizisi ;
_v30.
490 1 _aAli Dönmez dizisi ;
_v1
500 _aDizin var.
500 _aKaynakça var.
650 0 _aMatematiksel analiz.
_92372
650 0 _aMathematical anlaysis.
_969581
830 1 _aHatipoğlu yayınları ;
_v101.
_969582
830 1 _aYükseköğretim dizisi ;
_v30.
_95557
830 1 _aAli Dönmez dizisi ;
_v1
_969583
942 _2lcc
_cBK
999 _c36723
_d36723